| 000 | 004590000a22001810004500 | ||
|---|---|---|---|
| 041 | 0 | _aENG | |
| 082 | 0 | 4 | _aG 232 J545i |
| 100 | 1 | _aJensen, Irving L. | |
| 245 | 1 | 0 | _aLife of Christ / Irving L. Jensen |
| 260 | _a[S.L.] : Moody | ||
| 300 | _a112 Pag | ||
| 650 | 1 | 4 | _aJESUCRISTO - BIOGRAFIAS - LIBROS DE TEXTO |
| 001 | 3929 | ||
| 942 | _cBK | ||
| 999 |
_c34552 _d34552 |
||
| 336 |
_atexto _btxt _2rdacontent |
||
| 337 |
_2rdamedia _asin mediación _bn |
||
| 338 |
_2rdacarrier _avolumen _bnc |
||